000 00668nam a2200241Ia 4500
003 OSt
005 20221006145206.0
006 a|||||r|||| 00| 0
007 ta
008 221006b |||||||| |||| 00| 0 eng d
020 _c
_15.00
024 _a14,077
037 _cTextual
040 _aEASL
_cEASL
_beng
041 _2eng
_aeng
082 _aI.41.G.D003, L9
100 _aLI Hui-Lin
_9653709
245 0 _aNan fang tsao-mu chuang
_b Fourth century flora of Southeast Asia
260 _aHog
_bKong Chinese University Press
_c1979
300 _a170p.
_ccm.
942 _hI.41.G.D003, L9
_cTEXL
_2CC
999 _c1082163
_d1082163